A escrita do silencio (Record no. 13565)

MARC details
000 -LEADER
campo de control de longitud fija 00690nam a2200217 i 4500
001 - NÚMERO DE CONTROL
campo de control 13565
003 - IDENTIFICADOR DE NÚMERO DE CONTROL
campo de control ES-MaACL
005 - FECHA Y HORA DE LA ÚLTIMA TRANSACCIÓN
campo de control 20230906150619.0
007 - CAMPO FIJO DE DESCRIPCIÓN FÍSICA--INFORMACIÓN GENERAL
campo de control de longitud fija t|
008 - DATOS DE LONGITUD FIJA--INFORMACIÓN GENERAL
campo de control de longitud fija 980519s1997 sp ||||1| gao d
020 ## - NÚMERO INTERNACIONAL ESTÁNDAR DEL LIBRO
Número Internacional Estándar del Libro 84-86046-86-6
080 ## - NÚMERO DE LA CLASIFICACIÓN DECIMAL UNIVERSAL
Número de la Clasificación Decimal Universal 821.134.4-14"19"
100 1# - ENTRADA PRINCIPAL--NOMBRE DE PERSONA
Nombre de persona Sánchez Iglesias, Cesáreo.
9 (RLIN) 102705
245 12 - MENCIÓN DEL TÍTULO
Título A escrita do silencio
Resto del título : (antoloxia persoal) /
Mención de responsabilidad, etc. Cesáreo Sánchez Iglesias.
260 ## - PUBLICACIÓN, DISTRIBUCIÓN, ETC.
Lugar de publicación, distribución, etc. Ferrol :
Nombre del editor, distribuidor, etc. Sociedad de Cultura Valle-Inclán,
Fecha de publicación, distribución, etc. 1997.
300 ## - DESCRIPCIÓN FÍSICA
Extensión 185 p. ;
Dimensiones 21 cm.
490 1# - MENCIÓN DE SERIE
Mención de serie Colección Esquío de poesía ;
Designación de volumen o secuencia 68
830 0# - PUNTO DE ACCESO ADICIONAL DE SERIE-TÍTULO UNIFORME
Título uniforme Colección Esquío de poesía ;
Designación de volumen o secuencia 68
9 (RLIN) 179209
852 ## - LOCALIZACIÓN
Ubicación ES-MaACL
Número de control de estantería L-20925
Sublocalización o colección R.126350
Holdings
Estatus retirado Estado de pérdida Estado de daño No para préstamo Biblioteca de origen Biblioteca actual Ubicación en estantería Fecha de adquisición Fuente de adquisición Total de préstamos Signatura topográfica completa Código de barras Visto por última vez Precio de reemplazo Tipo de ítem Koha
        Biblioteca del Ateneo de Madrid Biblioteca del Ateneo de Madrid Depósito 2 17/01/2008     L-20925 1013809 23/02/2023 23/02/2023 Libro impreso